000 00878nam a2200277 a 4500
008
020 _a0716782170 (cased)
049 _aMAIN
090 _aQA76.9.D35
_bHOR
100 1 _aHorowitz, Ellis.
245 1 0 _aFundamentals of data structures in Pascal /
_cEllis Horowitz, Sartaj Sahni.
250 _a3rd ed.
260 _aNew York :
_bComputer Science Press,
_cc1990.
300 _axiv, 717 p. :
_bill. ;
_c24 cm.
440 0 _aComputer software engineering series.
504 _aIncludes bibliographical references.
500 _aIncludes index.
650 0 _aData structures (Computer science).
650 0 _aPascal (Computer program language).
700 1 _aSahni, Sartaj.
907 _a.b10033968
_b01-11-12
_c17-04-03
003
005 20230123134204.0
040 _cNUST
942 _cBOOKS
_kQA76.9.D35
_mHOR
999 _c161575
_d161575